000 00454nam a22001577a 4500
999 _c524671
_d524671
003 NUST
038 _aMr. Zahoor
082 _a621.3
100 _aSana Zainab
_915470
245 _aImplementation and Optimization of Micro-hole Textured Si Solar Cell /
_cSana Zainab
260 _aIslamabad :
_bCEME - NUST,
_c2017.
300 _axii, 44 p. : ill. ;
_c30 cm.
500 _aHardcover.
600 _2Electrical Engineering - MS Thesis
942 _2ddc
_cTHE